Quizzes
Events
Quiz Creation
Community
Videos
Private Events
Remove Ads
Sign In
Join for FREE
Feedback
Dark Mode
Quiz Categories
Sports
Geography
Music
Movies
Television
Just For Fun
Miscellaneous
History
Literature
Language
Science
Gaming
Entertainment
Religion
Holiday
For Kids
Quiz Lab
Recent
Popular Today
Quiz Kudos Today
Editor Picks
Curator Picks
Quizzes by...
Day
Popularity
Type
Ratings
Length
Year
Community
Subscriptions
Recent Discussions
Orange Saloon
Badges
Playlists
Quests
Create
Leaderboards
Showdown
Live 5
Trivia Bingo
Activity
Puzzle Library
Sporcle Events
Private Events
Virtual Trivia
Globe League
Become a Host
Pub Owners
SporcleCon
Opinionation
Our Games
Videos
Blog
Mobile Apps
Partnerships
Remove Ads and Go Orange
Feedback
Geography
Country
Landmarks
City
State
Population
World
Capital
Continent
Flags
Europe
Africa
Asia
South America
North America
Oceania
Border
Canada
United Kingdom
Topography
United States
Geography
Country
Landmarks
City
State
Population
World
Capital
Continent
Flags
Europe
Africa
Asia
South America
North America
Oceania
Border
Canada
United Kingdom
Topography
United States
Random Quiz
Search Sporcle
×
Quiz Lab
Quiz Lab
Geography
City
Type in answers that appear in a list
Type in answers that appear in a list
Classic
Best Score? Go Orange.
100 largest cities under 1 mil. Stats
Can you name the 100 largest cities under 1 mil.?
By
Pepikx
11m
100 Questions
61 Plays
61 Plays
61 Plays
Comments
Comments
Give Quiz Kudos
Give Quiz Kudos
-
- Ratings
hide this ad
Replay
Link that replays current quiz
Next Quiz
Link to next quiz in quiz playlist
You Got
0%
They Got
Avg Score
8%
Avg Friend Score
Upgrade to see
Score Distribution
Jump to the score distribution portion of the page
Score
0/100
Timer
11:00
0
Plays Today
Continent
City
% Correct
North America
San Francisco
45.9%
North America
Detroit
41%
North America
Ottawa
41%
North America
Calgary
39.3%
Europe
Brussels
39.3%
North America
Jacksonville
37.7%
North America
Indianapolis
37.7%
Europe
Valencia
32.8%
Europe
Stockholm
31.1%
Europe
Zagreb
31.1%
Africa
Cologne
29.5%
Europe
Naples
27.9%
Europe
Marseille
26.2%
Europe
Leeds
26.2%
Europe
Turin
21.3%
Europe
Lodz
19.7%
Asia
Astana
18%
South America
Cartagena
16.4%
North America
Panama City
16.4%
Asia
Bishkek
16.4%
Europe
Saratov
14.8%
Europe
Chisinau
14.8%
Africa
Abuja
14.8%
Europe
Voronezh
13.1%
Africa
Port Elizabeth
13.1%
Asia
Muscat
13.1%
Asia
Kathmandu
11.5%
Africa
Mombasa
11.5%
Asia
Krasnoyarsk
9.8%
Asia
Abu Dhabi
9.8%
South America
Natal
9.8%
South America
Arequipa
8.2%
North America
Toluca
8.2%
South America
Sao Luis
6.6%
Continent
City
% Correct
Asia
Kitakyushu
6.6%
Asia
Chiba
6.6%
Africa
Mbuji-Mayi
4.9%
Africa
Antananarivo
4.9%
Asia
Khulna
4.9%
South America
Nova Iguacu
4.9%
Europe
Zaporozhye
4.9%
South America
Sao Goncalo
3.3%
Asia
Mandalay
3.3%
Asia
Gaziantep
3.3%
Africa
Soweto
3.3%
South America
Maceio
3.3%
Africa
Agadir
3.3%
Africa
Lilongwe
3.3%
South America
Duque de Caxias
3.3%
Asia
Al-Dammam
3.3%
Asia
Niigata
3.3%
Asia
Tainan
3.3%
Africa
Subra al-Haymah
1.6%
South America
Ciudad Guyana
1.6%
Asia
Srinagar
1.6%
Asia
Chandigarh
1.6%
Africa
Zaria
1.6%
South America
Teresina
1.6%
Asia
Daye
1.6%
North America
Norfolk
1.6%
Asia
Hamhung
1.6%
Asia
Thiruvanantapuram
1.6%
Asia
Bengbu
1.6%
Asia
Guwahati
1.6%
Asia
Daqing
1.6%
Asia
Baoding
0%
Asia
Hezhou
0%
Asia
Ghaziabad
0%
Continent
City
% Correct
Asia
Visakhapatnam
0%
Asia
Wujiang
0%
Asia
Feicheng
0%
Asia
Vijayavada
0%
Africa
Safi
0%
Asia
Coimbatore
0%
Asia
Weinan
0%
Asia
Songzi
0%
Africa
Salé
0%
Asia
Laizhou
0%
Asia
Danyang
0%
Asia
Solapur
0%
Asia
Hengyang
0%
Asia
Honghu
0%
Asia
Bogor
0%
Asia
Bucheon
0%
Asia
Sakai
0%
Asia
Benxi
0%
Asia
Haikou
0%
Asia
Hims
0%
Asia
Kermanshah
0%
North America
Naucalpan
0%
Asia
Hohhot
0%
Asia
Padang
0%
Asia
Hammatsu
0%
Asia
Liuzhou
0%
South America
Santiago de Quererato
0%
Africa
Kolwezi
0%
Asia
Hubli
0%
Asia
Nanyang
0%
Asia
Mysore
0%
South America
San Berdardo do Campo
0%
Quiz Playlist
Details
Report
Send in Message
Add To Playlist
Classic:
Type in answers that appear in a list
Last Updated: Feb 16, 2017
Quiz Scoreboard
CHALLENGE
Sign Up to Join the Scoreboard
Show All
Scores
Hide
Comments
May contain spoilers
Recently Published
Presidents Visiting Landmarks
by Hejman
History
7m
An Introduction to Baseball
by treessimontrees
Sports
5m
Movies - When Are They Set?
by FPL_Elf
Movies
5m
More to Explore
Quiz From the Vault
Featured Blog Post
Where Did the Easter Bunny Come From?
hide this ad
You Might Also Like...
Tags
City Quiz
Continent Quiz
100
largest
mil
Under
Today's Top Quizzes in Geography
Browse Geography
hide this ad
Today's Top Quizzes in City
Browse City
Top Contributed Quizzes in Geography
1
Countries of the World - No Outlines Minefield
2
Top 25 Cities of France on a map
3
Any capital of a 'B' country per Continent
4
Closest Countries to UK A-Z
5
Any capital of a 'C' country per Continent
6
One Thing in Common: United Kingdom
7
Any capital of a 'D' country per Continent
8
Find the Provinces of Canada - No Outlines Minefield
9
5-to-1: US Geography No Hints
10
Any capital of an 'E' country per Continent
Explore More
Trending Topics
Anime
Disney
NBA
Kpop
Marvel
Harry Potter
Crossword
NFL
Song
The Office
Soccer
Puzzle
Pokémon
WWE
Country
hide this ad
More By:
Pepikx
Quiz
Plays
Rating
Category
Featured
Created
The Slovakia Quiz
9,278
4.61
Geography
Mar 18, 2010
Car producing per capita countries
1,204
4.73
Geography
Apr 5, 2010
Rome's most visited places
612
2.50
Geography
Mar 8, 2010
US/Canada olympic cities
414
3.20
Sports
Mar 10, 2010
most competitive countries
295
4.20
Geography
Mar 13, 2010
Go to Creator's Profile
Score Distribution
Quiz Creator Spotlight
Pepikx
Follow
Send a Message
Quizzes Created
-
Created Quiz Play Count
-
More By This Creator
Popular Quizzes Today
1
Find the US States - No Outlines Minefield
2
Find the Countries of Europe - No Outlines Minefield
3
The Countries of the World
4
Find the US States
5
Popular People in 1961
6
US States
7
Risky Map Clicking: Biggest States A-Z
8
Movies - When Are They Set?
More Geography Quizzes
UK Cities by Traffic Collisions
Curator's Pick
Trending Quizzes
Risky Map Clicking: Least Populous States A-Z
1-10 Letter G Words
1-10 Letter F Words
Risky Map Clicking: Next State Alphabetically
Risky Map Clicking: Biggest States A-Z
Recently Updated
Leaping Animals
pecheneg
Reality TV Shows (A-Z)
bhenderson79
Rickey Henderson's Hall of Fame Teammates
pecheneg
Champions League XIs: Arsenal
pecheneg
Quick Pick: Celebrities in WWE's Hall of Fame
aduchscher
A-Z Keypad Blitz II
pecheneg
Multiple Oscar Actors
pecheneg
Mystery Phrase Blitz: Oscar 'Best Actors'
pecheneg
F. Scott Fitzgerald Novels
LTH
Pick 3 Villains
ddd62291
Trending Topics
Disney
Anime
NBA
Marvel
Harry Potter
Crossword
Kpop
WWE
The Office
Soccer
NFL
Puzzle
Pokémon
Country
Song
Your Account Isn't Verified!
In order to create a playlist on Sporcle, you need to verify the email address you used during registration. Go to your
Sporcle Settings
to finish the process.
Report this User
Report this user for behavior that violates our
Community Guidelines
.
Details:
Send Report
Go to the Sporcle.com Mobile Site →
Comments